000 00907nam a2200289 a 4500
001 000025289
005 20251010121501.0
008 110214s2006 cu ac 001 0bspa d
020 _a9590608442
040 _aDO-SdBNP
_bspa
_cBNPHU
082 _a364.106
_bC578v, 2006
100 1 _aCirules, Enrique,
_d1938-
_922375
245 1 3 _aLa vida secreta de Meyer Lansky en La Habana /
_cEnrique Cirules.
250 _a2ª ed.
260 _aLa Habana :
_bCiencias Sociales,
_c2006.
_fEditora Ltda
300 _a247 p. :
_bil., retrs. ;
_c22 cm.
490 1 _aTestimonio
504 _aBiografía : p. 247.
600 1 4 _aLANSKI, MEYER,
_d1902-1983
_951813
650 4 _aMafia
_96037
650 0 _aCrimen organizado
_922377
650 4 _aJuegos de azar
_951814
651 4 _aCuba
_xHistoria
_z1933-1959
_951815
830 0 _aTestimonio
_916115
910 _aValidado. Control de la calidad EMS.
049 _aBNPD
999 _c24782
_d24782